Stati per numero di Navi da guerra anfibie - Statistics

Statistiche generali
  • Questo quiz è stato fatto 21 volte
  • Il punteggio medio è 8 su 10
Statistiche sulle risposte
Numero di navi da guerra anfibie Continente Nazione % Corretto
57 Asia Cina
100%
20 Asia / Europa Russia
100%
42 America del Nord Stati Uniti
100%
9 Asia India
89%
10 Asia Corea del Nord
83%
10 Asia Corea del Sud
83%
11 Asia Pakistan
78%
29 Asia Indonesia
72%
10 Asia Iran
67%
7 Asia Vietnam
56%
Nessun quiz corrispondente trovato
Distribuzione punteggi
Percentuale di utenti per punteggio
Percentile per numero di risposta
I tuoi punteggi nel tempo
Non hai fatto questo quiz